000 00569nam a2200205 i 4500
001 28277
003 ES-MaACL
005 20230906153820.0
007 t|
008 030116s1972 sp ||||1| spa d
100 1 _aBalducci, Ernesto.
_924905
245 1 0 _aSiervos inútiles /
_cErnesto Balducci ; [tradujo Germán Mártil].
260 _aSalamanca :
_bSígueme,
_c1972.
300 _a221 p. ;
_c19 cm.
490 1 _aHinneni
700 1 _aMártil, Germán.
_977255
830 0 _aHinneni
_9180790
852 _aES-MaACL
_jC-50551
_bR.81003
999 _c28277
_d28277